ბათუმის შოთა რუსთაველის სახელმწიფო უნივერსიტეტის ბიბლიოთეკა

კაეშანი სარდალ-მოურავისა (ბიბ.ჩანაწერი № 50368)

000 -LEADER
fixed length control field 00724nam a2200217Ia 4500
001 - CONTROL NUMBER
control field 17309
003 - CONTROL NUMBER IDENTIFIER
control field GE_BSU
008 - FIXED-LENGTH DATA ELEMENTS--GENERAL INFORMATION
fixed length control field 181216s||||||||xx |||||||||||||| ||und||
040 ## - CATALOGING SOURCE
Transcribing agency GE_BSU
080 ## - UNIVERSAL DECIMAL CLASSIFICATION NUMBER
Universal Decimal Classification number 821.353.1-316
100 ## - MAIN ENTRY--PERSONAL NAME
Personal name ნაცვალაძე,დავით
245 ## - TITLE STATEMENT
Title კაეშანი სარდალ-მოურავისა
245 ## - TITLE STATEMENT
Remainder of title ისტორ.ქრონიკა
245 ## - TITLE STATEMENT
Statement of responsibility, etc. რედ.:ლ.ბეჟანიძე;მხატბ,:გ.ფუტკარაძე
260 ## - PUBLICATION, DISTRIBUTION, ETC.
Place of publication, distribution, etc. ბათუმი
260 ## - PUBLICATION, DISTRIBUTION, ETC.
Name of publisher, distributor, etc. საბჭ.აჭარა
260 ## - PUBLICATION, DISTRIBUTION, ETC.
Date of publication, distribution, etc. 1982
300 ## - PHYSICAL DESCRIPTION
Extent 140გვ.;20სმ
653 ## - INDEX TERM--UNCONTROLLED
Uncontrolled term ისტორიული ქრონიკა
942 ## - ADDED ENTRY ELEMENTS (KOHA)
Koha item type წიგნი
ეგზემპლარები
Withdrawn status Lost status Damaged status Not for loan Date acquired Barcode Date last seen Price effective from Koha item type
        2018-12-17 41511 2018-12-17 2018-12-17 წიგნი